| 000 | 01015nam a22002777a 4500 | ||
|---|---|---|---|
| 003 | URS | ||
| 005 | 20240416181522.0 | ||
| 008 | 240202b |||||||| |||| 00| 0 eng d | ||
| 100 |
_aAragones, Sigred D. _eauthor |
||
| 245 |
_aManagement Information System for Barangay Palangoy Health Center (MISBPHC) _cSigred D. Aragones |
||
| 260 | _c2023 | ||
| 300 |
_axiii, 105 leaves _c28 cm. |
||
| 336 |
_2rdacontent _atext |
||
| 337 |
_2rdamedia _aunmediated |
||
| 338 |
_2rdacarrier _avolumed |
||
| 500 | _aUndergraduate Thesis | ||
| 502 |
_bBachelor of Science in Information Technology _cUniversity of Rizal System, Binangonan |
||
| 504 | _aIncludes biographical references | ||
| 700 |
_aCallope, Roger O. _eauthor |
||
| 700 |
_aCruz, Renalyn H. _eauthor |
||
| 700 |
_aEspanola, Rhodalyn P. _eauthor |
||
| 700 |
_aCervantes, King Philip A. _eauthor |
||
| 700 |
_aAngeluzet T. Reyes, MIST _eadviser |
||
| 856 |
_3Online Request for Student Unpublished Works _uhttps://forms.gle/7LqvGGkaDrUQqz429 |
||
| 942 |
_2lcc _cT |
||
| 999 |
_c74015 _d74014 |
||